000
00299nam a2200121 a 4500
005
20140414093837.0
008
110322s19uu xx uuu eng d
050
_a
CT FUN
_b
1998 #3
245
_a
Funfare audio 3.
260
_a
Philippines :
_b
Star Records,
_c
1998.
942
_c
AVM
999
_c
109065
_d
109065